Capitali del mondo che iniziano con la N - Statistics

Statistiche generali
  • Questo quiz è stato fatto 666 volte
    573 dall'ultimo reset
  • Il punteggio medio è 6 su 11
Statistiche sulle risposte
Risposte % Corretto
Nairobi
74%
Nassau
66%
Nuova Delhi
61%
Nicosia
60%
Niamey
55%
N'djamena
50%
Naypyidaw
45%
Nur-Sultan
42%
Nouakchott
37%
Nukualofa
33%
Ngerulmud
30%
Nessun quiz corrispondente trovato
Distribuzione punteggi
Percentuale di utenti per punteggio
Percentile per numero di risposta
I tuoi punteggi nel tempo
Non hai fatto questo quiz dall'ultimo reset